Потенциометрические сенсоры для определения синтетических поверхностно-активных веществ (Запись № 503806)

Подробности
000 -МАРКЕР
контрольное поле 02090nam0a2200385 4500
001 - ИДЕНТИФИКАТОР ЗАПИСИ
контрольное поле RU\NLR\bibl\1296191
005 - ИДЕНТИФИКАТОР ВЕРСИИ
контрольное поле 20260405173957.0
010 ## - МЕЖДУНАРОДНЫЙ СТАНДАРТНЫЙ НОМЕР КНИГИ (ISBN)
Номер (ISBN) 978-5-9758-0777-9
Тираж 100
021 ## - НОМЕР ГОСУДАРСТВЕННОЙ РЕГИСТРАЦИИ
Код страны Российская Федерация
Номер 2008-75822
Номер Листа государственной регистраци 4375
035 ## - ДРУГИЕ СИСТЕМНЫЕ НОМЕРА
Идентификатор записи (NLR Aleph) 001281814
100 ## - ДАННЫЕ ОБЩЕЙ ОБРАБОТКИ
Данные общей обработки 20081119d2008 |||y0rusy50 ca
101 0# - ЯЗЫК РЕСУРСА
Язык текста, звукозаписи и т.д. русский
102 ## - СТРАНА ПУБЛИКАЦИИ ИЛИ ПРОИЗВОДСТВА
Страна публикации Российская Федерация
105 ## - ПОЛЕ КОДИРОВАННЫХ ДАННЫХ: ТЕКСТОВЫЕ МАТЕРИАЛЫ, МОНОГРАФИЧЕСКИЕ
Кодированные данные о монографическом текстовом документе a |||||||||
200 1# - ЗАГЛАВИЕ И СВЕДЕНИЯ ОБ ОТВЕТСТВЕННОСТИ
Основное заглавие Потенциометрические сенсоры для определения синтетических поверхностно-активных веществ
Первые сведения об ответственности Е.Г. Кулапина, Р.К. Чернова, А.И. Кулапин
Последующие сведения об ответственности под ред. проф. Р.К. Черновой
-- Федер. агентство по образованию Рос. Федерации, Сарат. гос. ун-т им. Н.Г. Чернышевского
210 ## - ПУБЛИКАЦИЯ, РАСПРОСТРАНЕНИЕ И ДР.
Место издания, распространения и т.д. Саратов
Имя издателя, распространителя и т. д. Научная книга
Дата издания, распространения и т.д. 2008
215 ## - ФИЗИЧЕСКАЯ ХАРАКТЕРИСТИКА
Специфическое обозначение материала и объем 176 с.
Другие сведения о физической характеристике ил.
Размеры 21
225 1# - СЕРИЯ
Основное заглавие серии Приоритетные национальные проекты
Наименование части Образование
300 ## - ОБЩИЕ ПРИМЕЧАНИЯ
Текст примечания 100-летию Сарат. гос. ун-та им. Н.Г. Чернышевского, 80-летию Хим. фак. посвящается
320 ## - ПРИМЕЧАНИЯ О НАЛИЧИИ В ДОКУМЕНТЕ БИБЛИОГРАФИИ / УКАЗАТЕЛЯ
Текст примечания Библиогр. в конце глав
606 1# - НАИМЕНОВАНИЕ ТЕМЫ КАК ПРЕДМЕТ
Наименование темы Химические сенсоры
Системный номер авторитетной/нормативной записи 1968200
Идентификатор авторитетной/нормативной записи RU\NLR\auth\661188591
606 1# - НАИМЕНОВАНИЕ ТЕМЫ КАК ПРЕДМЕТ
Наименование темы Поверхностно-активные вещества синтетические
Системный номер авторитетной/нормативной записи 1049335
Идентификатор авторитетной/нормативной записи RU\NLR\auth\66405353
686 ## - ИНДЕКСЫ ДРУГИХ КЛАССИФИКАЦИЙ
Индекс Г576.3
686 ## - ИНДЕКСЫ ДРУГИХ КЛАССИФИКАЦИЙ
Индекс Л785.3
700 #1 - ИМЯ ЛИЦА - ПЕРВИЧНАЯ ОТВЕТСТВЕННОСТЬ
Код отношения Автор
Материалы, к которым относится поле rus
Графика поля Кириллица
Начальный элемент ввода Кулапина
Часть имени, кроме начального элемента ввода Е. Г.
Даты 1944-
Расширение инициалов личного имени Елена Григорьевна
Идентификатор авторитетной/нормативной записи RU\NLR\auth\7775287
Системный номер авторитетной/нормативной записи 58215
701 #1 - ИМЯ ЛИЦА - АЛЬТЕРНАТИВНАЯ ОТВЕТСТВЕННОСТЬ
Код отношения Автор
Материалы, к которым относится поле rus
Графика поля Кириллица
Начальный элемент ввода Чернова
Часть имени, кроме начального элемента ввода Р. К.
Дополнения к именам, кроме дат д-р хим. наук
Даты 1938-
Расширение инициалов личного имени Римма Кузьминична
Идентификатор авторитетной/нормативной записи RU\NLR\auth\7775284
Системный номер авторитетной/нормативной записи 58212
701 #1 - ИМЯ ЛИЦА - АЛЬТЕРНАТИВНАЯ ОТВЕТСТВЕННОСТЬ
Код отношения Автор
Материалы, к которым относится поле rus
Графика поля Кириллица
Начальный элемент ввода Кулапин
Часть имени, кроме начального элемента ввода А. И.
Расширение инициалов личного имени Алексей Иванович
Идентификатор авторитетной/нормативной записи RU\NLR\auth\7775291
Системный номер авторитетной/нормативной записи 58219
801 #0 - ИСТОЧНИК ЗАПИСИ
Страна Российская Федерация
Организация NLR
Дата составления 20081119
Правила каталогизации RCR
801 #1 - ИСТОЧНИК ЗАПИСИ
Страна Российская Федерация
Организация NLR
Дата составления 20081119
830 ## - ОБЩЕЕ ПРИМЕЧАНИЕ, СОСТАВЛЕННОЕ КАТАЛОГИЗАТОРОМ
Текст примечания Авт. по кн.
942 ## - ДОПОЛНИТЕЛЬНЫЕ ЭЛЕМЕНТЫ ЗАПИСИ (АБИС)
Тип экземпляра АБИС Книга
980 ## - КОЛЛЕКЦИЯ
Название коллекции Национальная библиография
980 ## - КОЛЛЕКЦИЯ
Название коллекции НБР
Экземпляры
Тип экземпляра Дата поступления Источник поступления Библиотека постоянного хранения Библиотека текущего хранения Место хранения Шифр хранения Штрих-код Статус экземпляра
Книга 19.11.2008 Обязательный экземпляр РНБ (Московский) РНБ (Московский) Русский книжный фонд: издания с 1957 года 2008-3/34143 2793802  
Книга 19.11.2008 Обязательный экземпляр РНБ (Московский) РНБ (Московский) Русский книжный фонд: издания с 1957 года 2008-3/34143 2793803